Greatest Players By Franchise - Statistics

General Stats
  • This quiz has been taken 16 times
  • The average score is 55 of 90
Answer Stats
Years Team Answer % Correct
1981-1994 Pistons Isaiah Thomas
100%
1984-19931995-1998 Bulls Michael Jordan
100%
1998-2019 Mavericks Dirk Nowitzki
92%
1973-1976 Nets Julius Erving
92%
1976-1987 76ers Julius Erving
92%
1975-1989 Lakers Kareem Abdul-Jabbar
92%
1969-1975 Bucks Kareem Abdul-Jabbar
92%
1996-2016 Lakers Kobe Bryant
92%
1979-1992 Celtics Larry Bird
92%
2003-20102014-2018 Cavaliers Lebron James
92%
2010-2014 Heat Lebron James
92%
1987-19982003-2004 Bulls Scottie Pippen
92%
2012-2021 Rockets James Harden
83%
2007-2016 Thunder Kevin Durant
83%
2011-2017 Cavaliers Kyrie Irving
83%
1991-1996 Hornets Larry Johnson
83%
1979-19911996 Lakers Magic Johnson
83%
2015-present Nuggets Nikola Jokic
83%
1992-1996 Magic Shaquille O'Neal
83%
2009-present Warriors Stephen Curry
83%
1959-1965 Warriors Wilt Chamberlain
83%
1965-1968 76ers Wilt Chamberlain
83%
1956-1969 Celtics Bill Russell
75%
2011-2017 Clippers Chris Paul
75%
2005-2011 Pelicans Chris Paul
75%
2003-2011 Pelicans David West
75%
2003-20162018-2019 Heat Dwyane Wade
75%
2013-present Bucks Giannis Antetokounmpo
75%
1984-2001 Rockets Hakeem Olajuwon
75%
1985-2003 Jazz Karl Malone
75%
1995-20072015-2016 Timberwolves Kevin Garnett
75%
2008-2014 Timberwolves Kevin Love
75%
2018-present Mavericks Luka Doncic
75%
2008-2019 Grizzlies Marc Gasol
75%
1976-1982 Rockets Moses Malone
75%
1996-19982004-2012 Suns Steve Nash
75%
1997-2016 Spurs Tim Duncan
75%
1992-1996 Suns Charles Barkley
67%
2012-present Blazers Damian Lillard
67%
2015-present Suns Devin Booker
67%
2001-2008 Nets Jason Kidd
67%
1994-19962008-2012 Mavericks Jason Kidd
67%
2010-2020 Wizards John Wall
67%
2015-present Timberwolves Karl-Anthony Towns
67%
2011-2019 Hornets Kemba Walker
67%
1985-2000 Knicks Patrick Ewing
67%
2008-2019 Thunder Russell Westbrook
67%
1998-2004 Raptors Vince Carter
67%
2000-20062009-2012 Pistons Ben Wallace
58%
2009-2018 Clippers Blake Griffin
58%
1989-2003 Spurs David Robinson
58%
1982-1994 Hawks Dominique Wilkins
58%
2000-2008 Pacers Jermaine O'Neal
58%
1962-1978 Celtics John Havlicek
58%
1996-20062009-2010 76ers Allen Iverson
50%
1995-20032005-2008 Heat Alonzo Mourning
50%
2012-2019 Pelicans Anthony Davis
50%
2008-2016 Bulls Derrick Rose
50%
1984-2003 Jazz John Stockton
50%
2012-2021 Raptors Kyle Lowry
50%
1987-2005 Pacers Reggie Miller
50%
2000-2004 Magic Tracy McGrady
50%
1980-1990 Nuggets Alex English
42%
1955-1965 Hawks Bob Pettit
42%
2008-2017 Nets Brook Lopez
42%
1998-2005 Kings Chris Webber
42%
1983-1995 Blazers Clyde Drexler
42%
1975-1982 Nuggets David Thompson
42%
2004-2012 Magic Dwight Howard
42%
1985-1999 Pistons Joe Dumars
42%
1970-1974 Bucks Oscar Robertson
42%
1960-1970 Kings Oscar Robertson
42%
1967-1977 Knicks Walt Frazier
42%
1974-1979 Blazers Bill Walton
33%
1962-1976 Clippers Bob McAdoo
33%
1972-1981 Wizards Elvin Hayes
33%
1974-1985 Spurs George Gervin
33%
1974-1980 Jazz Pete Maravich
33%
1965-19671972-1978 Warriors Rick Barry
33%
1968-1981 Wizards Wes Unseld
33%
1964-1974 Knicks Willis Reed
33%
2009-2017 Grizzlies Zach Randolph
33%
2003-2010 Raptors Chris Bosh
25%
1996-2001 Hawks Dikembe Mutombo
25%
1990-2003 Thunder Gary Payton
25%
1995-1999 Hornets Glen Rice
25%
1986-1995 Cavaliers Mark Price
25%
1967-1974 1975 Pacers Roger Brown
25%
2007-2019 Grizzlies Mike Conley
17%
1991-1998 Kings Mitch Richmond
8%
No matching quizzes found
Score Distribution
Percent of People with Each Score
Percentile by Number Answered
Your Score History
You have not taken this quiz